You can feel good all the time : (Record no. 357619)
[ view plain ]
| 000 -LEADER | |
|---|---|
| fixed length control field | 00548nam a2200217Ia 4500 |
| 008 - FIXED-LENGTH DATA ELEMENTS--GENERAL INFORMATION | |
| fixed length control field | 180523s9999 xx 000 0 und d |
| 050 ## - LIBRARY OF CONGRESS CALL NUMBER | |
| Classification number | MAIN RA 781 |
| 050 ## - LIBRARY OF CONGRESS CALL NUMBER | |
| Item number | .W55 1994 |
| 100 ## - MAIN ENTRY--PERSONAL NAME | |
| Personal name | Willix, Robert D. |
| 245 #0 - TITLE STATEMENT | |
| Title | You can feel good all the time : |
| 245 #0 - TITLE STATEMENT | |
| Remainder of title | maximum health / |
| 245 #0 - TITLE STATEMENT | |
| Statement of responsibility, etc | Robert D. Willix. |
| 260 ## - PUBLICATION, DISTRIBUTION, ETC. (IMPRINT) | |
| Place of publication, distribution, etc | London : |
| 260 ## - PUBLICATION, DISTRIBUTION, ETC. (IMPRINT) | |
| Name of publisher, distributor, etc | Fleet street, |
| 260 ## - PUBLICATION, DISTRIBUTION, ETC. (IMPRINT) | |
| Date of publication, distribution, etc | 1994 |
| 300 ## - PHYSICAL DESCRIPTION | |
| Extent | 119 pages : |
| 300 ## - PHYSICAL DESCRIPTION | |
| Dimensions | 17 cm. |
| 650 ## - SUBJECT ADDED ENTRY--TOPICAL TERM | |
| Topical term or geographic name as entry element | Alternative medicine. |
| 650 ## - SUBJECT ADDED ENTRY--TOPICAL TERM | |
| Topical term or geographic name as entry element | Holistic medicine. |
| 650 ## - SUBJECT ADDED ENTRY--TOPICAL TERM | |
| General subdivision | Health attitudes. |
| Withdrawn status | Lost status | Damaged status | Home library | Current library | Shelving location | Date acquired | Cost, normal purchase price | Total Checkouts | Full call number | Barcode | Date last seen | Price effective from | Koha item type |
|---|---|---|---|---|---|---|---|---|---|---|---|---|---|
| South Mansfield College | South Mansfield College | 03/07/2005 | 0.00 | MAIN RA 781 .W55 1994 | SMC02300 | 05/23/2018 | 05/23/2018 |